000 01199nam a22003613a 4500
001 4318
003 FISKH
005 20240717161058.0
008 990823s1999 nyua 000 1 eng d
010 _a 00514762
020 _a0439080940 (pbk.) :
020 _a078073003990
035 _a(OCoLC)ocm42208367
040 _aJBL
_cJBL
_dDLC
_beng
050 _aPZ7.P915
082 _a813.54
100 1 _aPreller, James.
245 1 4 _aThe case of the mummy mystery /
_cby James Preller ; illustrated by John Speirs ; cover illustration by R. W. Alley.
260 _aNew York :
_bScholastic,
_c1999.
300 _a74 pages :
_billustrations ;
_c20 cm
490 1 _aJigsaw Jones mystery ;
_vBook 6
500 _a"A Little Apple paperback."
505 _aH
520 _aSecond-grade detectives Jigsaw, Mila, and their friends follow clues to learn if a mummy will really rise from the dead on Halloween.
521 _a440
_bLexile
521 _aH
_bRaz-Plus
650 0 _aMummies
_vFiction.
655 7 _aChildren's stories.
_2lcsh
700 1 _aSpeirs, John.
_eIllustrator
906 _a7
_bcbc
_ccopycat
_d2
_encip
_f20
_gy-genrareb
942 _2ddc
_cBK
_n0
999 _c4318
_d4318